000 00424nam a22001817a 4500
003 MPLRDC
005 20220104123625.0
008 210129b ||||| |||| 00| 0 eng d
082 _a220.8 SYS v.2
100 _a释印顺
245 _a成佛之道
_c
250 _a第一版
260 _a
_b十方出版社
_c1988
300 _b
490 _a妙云选辑. 2
650 _a佛教丛书
942 _cBK
_o220.8 SYS v.2
999 _c12880
_d12870